Nueva guía del viajero en España y Portugal (Record no. 166979)

MARC details
000 -LEADER
campo de control de longitud fija 01165nam a22002295i 4500
001 - NÚMERO DE CONTROL
campo de control 166979
003 - IDENTIFICADOR DE NÚMERO DE CONTROL
campo de control ES-MaACL
005 - FECHA Y HORA DE LA ÚLTIMA TRANSACCIÓN
campo de control 20240229063323.0
008 - DATOS DE LONGITUD FIJA--INFORMACIÓN GENERAL
campo de control de longitud fija 940206s1886 sp a |||| | spa d
040 ## - FUENTE DE CATALOGACIÓN
Centro catalogador/agencia de origen CAM
Lengua de catalogación spa
Centro/agencia transcriptor CAM
100 1# - ENTRADA PRINCIPAL--NOMBRE DE PERSONA
Nombre de persona Valverde y Álvarez, Emilio,
Fechas asociadas al nombre 1848-1894
9 (RLIN) 133538
245 10 - MENCIÓN DEL TÍTULO
Título Nueva guía del viajero en España y Portugal
Resto del título : viaje geográfico, artístico y pintoresco por la Península Ibérica /
Mención de responsabilidad, etc. Emilio Valverde y Alvarez.
260 ## - PUBLICACIÓN, DISTRIBUCIÓN, ETC.
Lugar de publicación, distribución, etc. Madrid :
Nombre del editor, distribuidor, etc. Centro del Atlas Geográfico...,
Fecha de publicación, distribución, etc. 1886 (
Fabricante Imp. de Fernando Cao y Domingo de Val)
300 ## - DESCRIPCIÓN FÍSICA
Extensión 2 v. :
Otras características físicas il. ;
Dimensiones 19 cm.
490 1# - MENCIÓN DE SERIE
Mención de serie Guía Práctica Valverde
505 8# - NOTA DE CONTENIDO CON FORMATO
Nota de contenido con formato Contiene: vol. I: Zona Central y Septentional ( (XXIX, 915 p, [35] h. de grab., [41] h. de plan., [5] h. de map. pleg. -- vol II: Zona Oriental, Occidental y Meridional (1003 p., [28] h. de grab., [6] h. de map.pleg., [22] h. de plan.) Cada parte con port. y antep. propias
597 #1 - NOTA DE DESCRIPCIÓN FÍSICA
NOTA DE DESCRIPCIÓN FÍSICA Texto a dos col.
710 21 - ENTRADA AGREGADA--NOMBRE DE ENTIDAD CORPORATIVA
Nombre de entidad corporativa o nombre de jurisdicción como elemento de entrada Centro del Atlas Geográfico,
Término indicativo de función/relación
9 (RLIN) 134245
830 0# - PUNTO DE ACCESO ADICIONAL DE SERIE-TÍTULO UNIFORME
Título uniforme Guía Práctica Valverde
9 (RLIN) 222592
852 ## - LOCALIZACIÓN
Ubicación ES-MaACL
Número de control de estantería G-10506-10507
Nota libre -- Enc. tela
Holdings
Estatus retirado Estado de pérdida Estado de daño No para préstamo Colección Biblioteca de origen Biblioteca actual Ubicación en estantería Fecha de adquisición Fuente de adquisición Total de préstamos Signatura topográfica completa Código de barras Visto por última vez Precio de reemplazo Tipo de ítem Koha
        Libros del s. XIX Biblioteca del Ateneo de Madrid Biblioteca del Ateneo de Madrid Sala Pecera Planta 3 17/01/2008     G-10506-10507 1175157 23/02/2023 23/02/2023 Libro impreso antiguo